000 00625nam a22001935i 4500
001 154310
003 ES-MaACL
005 20230906205646.0
008 940202s1846 sp |||| | spa d
040 _aAS
_bspa
080 _a725.94(460.357 G.)
100 1 _aGiménez-Serrano, José.
_9127321
245 1 0 _aManual del artista y del viagero en Granada /
_cpor José Giménez-Serrano.
250 _a2ª ed.
260 _aGranada :
_bJ.A. Linares,
_c1846 (
_fImprenta de Puchol)
300 _aX, 399 p. ;
_c14 cm.
650 4 _aMonumentos-
_zGranada.
_9149669
852 _aES-MaACL
_jZ-251
_xOlim: G-1092
_z Enc. hol.
999 _c154310
_d154310